| 000 | 00806nam a2200205 i 4500 | ||
|---|---|---|---|
| 001 | 164519 | ||
| 003 | ES-MaACL | ||
| 005 | 20250603174833.0 | ||
| 008 | 931025s1838 sp |||| | spa d | ||
| 080 | _a94(460)"1833/40" | ||
| 100 | 1 |
_aSan Miguel, Evaristo, _d1785-1862 _9132380 |
|
| 245 | 1 | 4 |
_aLas Cortes de 1838 / _cpor Evaristo San Miguel. |
| 260 |
_aMadrid : _b[s.n.], _c1838 ( _fImp. de D. Miguel de Burgos) |
||
| 300 |
_a16 p. ; _c20 cm. |
||
| 530 | _aDisponible en formtado digital. | ||
| 651 | 4 |
_aEspaña- _xHistoria- _z1833-1840, Regencia de María Cristina de Borbón _98252 |
|
| 852 | 4 |
_aES-MaACL _jT-12-F-5 _z- Enc. hol. _z- Enc. en un vol. facticio |
|
| 856 | 4 |
_uhttp://bdh-rd.bne.es/viewer.vm?id=0000092329&page=1 _zBiblioteca Digital Hispánica |
|
| 999 |
_c164519 _d164519 |
||